ბათუმის შოთა რუსთაველის სახელმწიფო უნივერსიტეტის ბიბლიოთეკა

საბიბლიოთეკო ასოციაციების და ორგანიზაციების საერთაშორისო ფედერაცია (IFLA) საყოველთაო ბიბლიოგრაფიული აღრიცხვისა და საერთაშორისო კომპიუტერული კატალოგიზაციის პროგრამა(UBCIM) (ბიბ.ჩანაწერი № 52104)

000 -LEADER
fixed length control field 01695nam a2200229Ia 4500
001 - CONTROL NUMBER
control field 19111
003 - CONTROL NUMBER IDENTIFIER
control field GE_BSU
008 - FIXED-LENGTH DATA ELEMENTS--GENERAL INFORMATION
fixed length control field 181216s||||||||xx |||||||||||||| ||und||
040 ## - CATALOGING SOURCE
Transcribing agency GE_BSU
080 ## - UNIVERSAL DECIMAL CLASSIFICATION NUMBER
Universal Decimal Classification number 02
245 ## - TITLE STATEMENT
Title საბიბლიოთეკო ასოციაციების და ორგანიზაციების საერთაშორისო ფედერაცია (IFLA) საყოველთაო ბიბლიოგრაფიული აღრიცხვისა და საერთაშორისო კომპიუტერული კატალოგიზაციის პროგრამა(UBCIM)
245 ## - TITLE STATEMENT
Statement of responsibility, etc. რედ. მარი-ფრანს პლასარი. კ.გ. საური. ინგლ. თარგმნა თეიმურაზ ჩხენკელმა და გიორგი ბახიამ
260 ## - PUBLICATION, DISTRIBUTION, ETC.
Place of publication, distribution, etc. თბილისი
260 ## - PUBLICATION, DISTRIBUTION, ETC.
Name of publisher, distributor, etc. ბიბლ-ს ავტომ. ასოც. საქ-ში
260 ## - PUBLICATION, DISTRIBUTION, ETC.
Date of publication, distribution, etc. 2000
300 ## - PHYSICAL DESCRIPTION
Extent 83გვ.
653 ## - INDEX TERM--UNCONTROLLED
Uncontrolled term საბიბლიოთეკო ასოციაციების და ორგანიზაციების საერთაშორისო ფედერაცია (IFLA) საყოველთაო ბიბლიოგრაფიული აღრიცხვისა და საერთაშორისო კომპიუტერული კატალოგიზაციის პროგრამა(UBCIM)
653 ## - INDEX TERM--UNCONTROLLED
Uncontrolled term საბიბლიოთეკო საქმე
653 ## - INDEX TERM--UNCONTROLLED
Uncontrolled term ქსეროქსი
942 ## - ADDED ENTRY ELEMENTS (KOHA)
Koha item type წიგნი
ეგზემპლარები
Withdrawn status Lost status Damaged status Not for loan Date acquired Barcode Date last seen Price effective from Koha item type Public note
        2018-12-17 00373 2018-12-17 2018-12-17 წიგნი ქსეროქსი